Principio de independencia en la auditoría de Pymes (Registro nro. 16984)

Detalles MARC
000 -LEADER
fixed length control field 00440 a2200145 4500
001 - CONTROL NUMBER
control field ART_40940
005 - DATE AND TIME OF LATEST TRANSACTION
control field 20260410161721.0
008 - FIXED-LENGTH DATA ELEMENTS--GENERAL INFORMATION
fixed length control field 260409a
100 1# - MAIN ENTRY--PERSONAL NAME
Personal name Schlaps, Karenina
245 10 - TITLE STATEMENT
Title Principio de independencia en la auditoría de Pymes
700 1# - ADDED ENTRY--PERSONAL NAME
Personal name Albanese, Diana
700 1# - ADDED ENTRY--PERSONAL NAME
Personal name Briozzo, Anahí
700 1# - ADDED ENTRY--PERSONAL NAME
Personal name Vigier, Hernán
773 0# - HOST ITEM ENTRY
Title Contabilidad y auditoría
Related parts - Año 21, Nº 42 (dic. 2015)
Record control number REV1723

No hay ítems disponibles.